000 00541nam a2200169Ia 4500
008 100917s9999 xx 000 0 und d
082 _b18901
100 _aकरंदीकर वासुदेव दिनकर
245 _aपतिव्रता सावित्री
260 _b---
_c1929
365 _b1
520 _aचरित्र
630 _aपतिव्रता सावित्री
650 _aचरित्र
730 _aपतिव्रता सावित्री
942 _cBOOK
999 _c624295
_d624292